header

Lessons to share on Teaching grammar in context / (Record no. 265792)

MARC details
000 -LEADER
fixed length control field 01346pam a2200361 a 4500
001 - CONTROL NUMBER
control field 3545912
003 - CONTROL NUMBER IDENTIFIER
control field OSt
005 - DATE AND TIME OF LATEST TRANSACTION
control field 20260129085514.0
008 - FIXED-LENGTH DATA ELEMENTS--GENERAL INFORMATION
fixed length control field 971209s1998 nhua b 001 0 eng
010 ## - LIBRARY OF CONGRESS CONTROL NUMBER
LC control number 97051626
020 ## - INTERNATIONAL STANDARD BOOK NUMBER
International Standard Book Number 0867093943
Qualifying information acid-free paper
International Standard Book Number 9780867093940
Qualifying information (acid-free paper)
035 ## - SYSTEM CONTROL NUMBER
System control number 3545912
040 ## - CATALOGING SOURCE
Original cataloging agency DLC
Transcribing agency DLC
Modifying agency DLC
050 00 - LIBRARY OF CONGRESS CALL NUMBER
Classification number LB1576
Item number .L488 1998
082 00 - DEWEY DECIMAL CLASSIFICATION NUMBER
Classification number 428/.007
Edition number 21
245 00 - TITLE STATEMENT
Title Lessons to share on Teaching grammar in context /
Statement of responsibility, etc edited by Constance Weaver.
260 ## - PUBLICATION, DISTRIBUTION, ETC. (IMPRINT)
Place of publication, distribution, etc Portsmouth, NH :
Name of publisher, distributor, etc Boynton/Cook,
Date of publication, distribution, etc c1998.
300 ## - PHYSICAL DESCRIPTION
Extent vii, 323 p. :
Other physical details ill. ;
Dimensions 24 cm.
336 ## - CONTENT TYPE
Content type term text
Content type code txt
Source rdacontent
337 ## - MEDIA TYPE
Media type term unmediated
Media type code n
Source rdamedia
338 ## - CARRIER TYPE
Carrier type term volume
Carrier type code nc
Source rdacarrier
500 ## - GENERAL NOTE
General note Sequel to: Teaching grammar in context. c1996.
504 ## - BIBLIOGRAPHY, ETC. NOTE
Bibliography, etc Includes bibliographical references and index.
650 #0 - SUBJECT ADDED ENTRY--TOPICAL TERM
Topical term or geographic name as entry element English language
General subdivision Grammar
-- Study and teaching.
Topical term or geographic name as entry element English language
General subdivision Composition and exercises
-- Study and teaching.
700 1# - ADDED ENTRY--PERSONAL NAME
Personal name Weaver, Constance.
Personal name Weaver, Constance.
Title of a work Teaching grammar in context.
906 ## - LOCAL DATA ELEMENT F, LDF (RLIN)
a 7
b cbc
c orignew
d 1
e ocip
f 19
g y-gencatlg
942 ## - ADDED ENTRY ELEMENTS (KOHA)
Source of classification or shelving scheme Library of Congress Classification
Koha item type Long Loan Books
Holdings
Withdrawn status Lost status Source of classification or shelving scheme Damaged status Not for loan Collection code Home library Current library Shelving location Date acquired Source of acquisition Total Checkouts Full call number Barcode Date last seen Price effective from Koha item type
    Library of Congress Classification     Non-fiction Rongo University Library Rongo University Library General Stacks 29/01/2026 Books for Africa, Donation   LB1576 .L488 1998 20260589 29/01/2026 29/01/2026 Long Loan Books

© 2026 Rongo University
Contact us: librarian | system librarian | Rongo university